000 00507nam a22001697a 4500
005 20251108170059.0
008 250721s1984 xx 000 0 ara d
082 1 4 _aط/ق/دوم
100 1 _aدومبادزه، نودار
245 1 0 _aأنا و جدتي وايليكو و ايلاريون :
_bرواية /
264 1 _aموسكو :
_bدار رادوغا،
_c1984.
300 _a221ص
650 1 7 _aأدب الأطفال
650 1 7 _aالقصص العربية
942 _2ddc
_cBK
999 _c39270
_d39270